عرض عادي
عرض مارك
- Kumari, S. Meena.
مدخل إسم شخص
001 - رقم الضبط
- حقل الضبط: 37537
003 - معرف رقم الضبط
- حقل الضبط: OSt
005 - تاريخ ووقت أخر عملية
- حقل الضبط: 20131008040116.0
008 - عناصر بيانات ثابتة الطول
- حقل تحكم ثابت الطول: 131008|||a|||||| | ||| d
040 ## - مصدر الفهرسة
- هيئة الفهرسة الأصلية: OSt
- وكالة الكتابة: OSt
100 ## - مدخل -- أسم شخص
- إسم شخص: Kumari, S. Meena.
670 ## - بيانات المصدر موجوده
- الاستشهاد بالمصدر: Work cat.: (OSt)31103: Kumari, S. Meena., Microbial physiology /, 2009.
